| 000 | 00776nam a2200217Ia 4500 | ||
|---|---|---|---|
| 001 | 9717 | ||
| 003 | GE_BSU | ||
| 008 | 181216s||||||||xx |||||||||||||| ||und|| | ||
| 040 | _cGE_BSU | ||
| 080 | _a821.353.1-11 | ||
| 100 | _aნიშნიანიძე,გიზო | ||
| 245 | _aპაემანი ვერაზე | ||
| 245 | _bთბილისის დოკუმენტური პოემა | ||
| 245 | _cრედ:ნოდარ გურეშიძე;მხატვ:.ვახტანგ რურუა | ||
| 260 | _aთბილისი. | ||
| 260 | _bმერანი. | ||
| 260 | _c1991. | ||
| 300 | _a427გვ;ილ;20სმ. | ||
| 653 | _aთბილისის დოკუმენტური პოემა | ||
| 942 | _cBK | ||
| 999 |
_c43000 _d43000 |
||